000 00558nam a2200157 4500
999 _c17014
_d17014
008 220526b ||||| |||| 00| 0 eng d
022 _a0117-3308
082 _aDPer 004.1105 C73 Sept 2010 - April 2011 v. 20 n. 3-9
100 _aFogarty, Kevin.
_945267
245 _a4 virtualization security basics to watch/
_cKevin Fogarty.
260 _aPhilippines:
_bSchneider Electric,
_c©2010-2011.
300 _av20 n9, pages 31-32:
_bcolor illustrations;
_c27 cm.
500 _aComputer world.
650 _aComputer networks
_xSecurity.
_945231
942 _2ddc
_cPER